=LDR 00000nam 2200000 4500 =001 INLIS000000000013303 =005 20130612104721 =008 ***********************************Ind** =035 ##$$0010-061300000013303 =041 ##$$a Ind =082 ##$$a 2x4.15 =090 ##$$a 2x4.15, Kan f =100 ##$$a Al-Kandalawi, Maulana Muhammad Lakasiyya =245 ##$$a Fadhilah haji, Maulana Muhammad Lakasiyya Al-Kandalawi =260 ##$$a 2003 $b Bandung =300 ##$$a 408 hlm, 21 cm =650 ##$$a Haji =850 ##$$a NBPNMAT